000 00408nam a22001457a 4500
005 20250602154125.0
008 250602b |||||||| |||| 00| 0 eng d
020 _a9780340621431
050 _aBV 230
_bLEW
100 _aLEWIS, PETER
245 _aTHE LORD,S PRAYER
_bTHE GREATEST PRAYER IN THE WORLD
_cPETER LEWIS
260 _aLONDON
_bHODDER & STOUGHTON
_cc1995
300 _axi.; 210p.;
942 _2lcc
_cBK
_n0
999 _c6151
_d6151